000 00419nam a2200181Ia 4500
001 14961
005 20260306164952.0
008 260306t2008||||xx |||||||||||||| ||spa||
041 _aESP
082 _a519.5
_bT69 P. 2
100 _aToma Inafuko, Jorge
_eAUT
245 0 _aEstadística aplicada:
_bsegunda parte
260 _c2008
300 _a
_c
650 _aGEN
654 _aCMA
942 _cLIB
_dJUS
_fJUS
_2ddc
_n
999 _c14961
_d14961